Central Library OPAC University of Rajshahi

War and peace in Europe, 1815-1870 : (Record no. 24915)

MARC details
000 -LEADER
fixed length control field 01034cam a22003011 4500
001 - CONTROL NUMBER
control field 24915
003 - CONTROL NUMBER IDENTIFIER
rucl marc code BD-RjUL
005 - DATE AND TIME OF LATEST TRANSACTION
control field 20211209001120.0
008 - FIXED-LENGTH DATA ELEMENTS--GENERAL INFORMATION
fixed length control field 140315r19631931enk 001 0 eng
035 ## - SYSTEM CONTROL NUMBER
System control number (BD-RjUL)24984
System control number (OCoLC)3281709
040 ## - CATALOGING SOURCE
Original cataloging agency DLC
Transcribing agency PCvA
Modifying agency BD-RjUL
Language of cataloging eng
041 ## - LANGUAGE CODE
Language code of text/sound track or separate title eng
082 00 - DEWEY DECIMAL CLASSIFICATION NUMBER
Classification number 940.28
Author mark and year WOW 1963
100 1# - MAIN ENTRY--PERSONAL NAME
Personal name Woodward, E. L.
Fuller form of name (Ernest Llewellyn),
Dates associated with a name 1890-1971.
9 (RLIN) 74884
245 10 - TITLE STATEMENT
Title War and peace in Europe, 1815-1870 :
Remainder of title and other essays /
Statement of responsibility, etc. by E. L. Woodward.
260 ## - PUBLICATION, DISTRIBUTION, ETC. (IMPRINT)
Place of publication, distribution, etc. London :
Name of publisher, distributor, etc. F. Cass,
Date of publication, distribution, etc. 1931 [Impression 1963].
300 ## - PHYSICAL DESCRIPTION
Pagination vii, 291 p. ;
Size 23 cm.
504 ## - BIBLIOGRAPHY, ETC. NOTE
Bibliography, etc Includes bibliographical footnotes and index.
650 #0 - SUBJECT ADDED ENTRY--TOPICAL TERM
Topical term or geographic name as entry element Historiography.
9 (RLIN) 76666
Topical term or geographic name as entry element History, Modern
General subdivision Sources.
9 (RLIN) 76667
651 #0 - SUBJECT ADDED ENTRY--GEOGRAPHIC NAME
Geographic name Europe
General subdivision Politics and government
Chronological subdivision 1815-1871.
9 (RLIN) 76668
Geographic name France
General subdivision History
Chronological subdivision 1789-1900.
9 (RLIN) 76669
856 41 - ELECTRONIC LOCATION AND ACCESS
Materials specified Table of contents only
Uniform Resource Identifier <a href="http://www.loc.gov/catdir/toc/fy0714/63025313.html">http://www.loc.gov/catdir/toc/fy0714/63025313.html</a>
942 ## - ADDED ENTRY ELEMENTS (KOHA)
Source of classification or shelving scheme Dewey Decimal Classification
Koha item type Books
Holdings
Lost status Source of classification or shelving scheme Damaged status Not for loan Collection code Permanent Location Current Location Shelving location Date acquired Source of acquisition Cost, normal purchase price Total Checkouts Full call number Date last seen Copy number Koha item type
  Dewey Decimal Classification   Added to bundle Non-fiction Central Library, University of Rajshahi Central Library, University of Rajshahi Reading Room 24/09/1968 Zeitlinger 42.00   940.28 WOW 1963 15/03/2014 C-1 Books
  Dewey Decimal Classification     Non-fiction Central Library, University of Rajshahi Central Library, University of Rajshahi   24/09/1968 Zeitlinger 42.00   940.28 WOW 1963 15/03/2014 C-2 Books